000 00328nam a2200145 a 4500
008 980710s1974||||xx 0 und c
040 _aSNK
_bslo
_cSNK
_eAACR2
100 1 _aLondon, Jack
245 1 0 _aMartin Eden
260 _bTatran
_c1974
_aBratislava
300 _a389 s.
020 _c26
044 _axo
_cSK
041 _aslo
999 _c12082
_d12082